Microsoft office access 2007 forms, reparts and queries (Record no. 187154)
[ view plain ]
| 000 -LEADER | |
|---|---|
| fixed length control field | 00474nam a2200157Ia 4500 |
| 005 - DATE AND TIME OF LATEST TRANSACTION | |
| control field | 20250416170334.0 |
| 008 - FIXED-LENGTH DATA ELEMENTS--GENERAL INFORMATION | |
| fixed length control field | 231217s9999 xx 000 0 und d |
| 020 ## - INTERNATIONAL STANDARD BOOK NUMBER | |
| International Standard Book Number | 9788131720264 |
| 082 ## - DEWEY DECIMAL CLASSIFICATION NUMBER | |
| Classification number | 001.6424OFF MCF;1 R |
| 100 ## - MAIN ENTRY--PERSONAL NAME | |
| Personal name | McFedries, Paul. |
| 245 #0 - TITLE STATEMENT | |
| Title | Microsoft office access 2007 forms, reparts and queries |
| 260 ## - PUBLICATION, DISTRIBUTION, ETC. (IMPRINT) | |
| Date of publication, distribution, etc. | 2007 |
| Name of publisher, distributor, etc. | Pearson Education |
| Place of publication, distribution, etc. | New Delhi |
| 300 ## - PHYSICAL DESCRIPTION | |
| Extent | xv, 387 |
| 650 ## - SUBJECT ADDED ENTRY--TOPICAL TERM | |
| Topical term or geographic name as entry element | Microsoft,office,access,2007,forms,,reparts,queries |
| 942 ## - ADDED ENTRY ELEMENTS (KOHA) | |
| Koha item type | Books |
| Date last seen | Total Checkouts | Full call number | Accession number | Old discount | Uniform Resource Identifier | Cost, replacement price | Price effective from | Category | Lost status | Damaged status | Department | Withdrawn status | bill no. | bill date | Permanent Location | Current Location | Shelving location | Entry date | Vendor | Cost, normal purchase price | Grants | Currency symbol | Conversion rate | Discount | Discount type |
|---|---|---|---|---|---|---|---|---|---|---|---|---|---|---|---|---|---|---|---|---|---|---|---|---|---|
| 26/01/2024 | 001.6424OFF MCF;1 R | 67270 | 50 | digital/contents/67271.pdf | 199.50 | 26/01/2024 | Books | Central Library | 60071 | 25/02/2014 | Central Library | Central Library | Central Library | 29/07/2010 | Book Paradise | 399.00 | CS | RS | 1 | 199.5 | Rupees | ||||
| 26/01/2024 | 001.6424OFF MCF;2 R1 | 67271 | 50 | digital/contents/67271.pdf | 199.50 | 26/01/2024 | Books | Central Library | 60071 | 25/02/2014 | Central Library | Central Library | Central Library | 29/07/2010 | Book Paradise | 399.00 | CS | RS | 1 | 199.5 | Rupees | ||||
| 26/01/2024 | 001.6424OFF MCF;3 | 67272 | 50 | digital/contents/67271.pdf | 199.50 | 26/01/2024 | Books | Central Library | 60071 | 25/02/2014 | Central Library | Central Library | Central Library | 29/07/2010 | Book Paradise | 399.00 | CS | RS | 1 | 199.5 | Rupees |
